Tout les joueurs qui on joué avec Ronaldinho Sudden Death/Mort Subite - Statistiques

Statistiques générales
  • Ce quiz a été pris 69 fois
  • Le résultat moyen est 14 sur 17
Answers on the Grid
Answers color-coded by a green-red scale on the quiz's grid according to % correct below.
Víctor Valdés
Carles Puyol
Xavi
Andrés Iniesta
Rafa Márquez
Samuel Eto'o
Lionel Messi
Leonardo Silva
Edmílson
Andrea Pirlo
Sylvinho
Thiago Silva
Thiago Motta
Thiago Neves
Cafu
Bernard
Roberto Carlos
Kylian Mbappé
Florian Thauvin
Antoine Griezmann
Pelé
Lucas Hernandez
Ousmane Dembélé
Lamine Yamal
Rúben Dias
Désiré Doué
Nuno Mendes
Virgil van Dijk
Dominik Szoboszlai
Mohamed CHEBBI
 
Statistiques - réponses
Réponse % Correct
Carles Puyol
98%
Andrés Iniesta
96%
Samuel Eto'o
96%
Lionel Messi
94%
Xavi
94%
Roberto Carlos
92%
Víctor Valdés
90%
Cafu
88%
Sylvinho
84%
Rafa Márquez
82%
Edmílson
80%
Thiago Silva
76%
Andrea Pirlo
71%
Leonardo Silva
71%
Thiago Motta
69%
Bernard
63%
Thiago Neves
51%
Aucun quiz correspondant
Distribution des résultats
% des personnes avec chaque résultat
Percentile par nombre de réponses
Votre historique - résultats
Vous n’avez pas pris ce quiz